00804nam a2200193 a 450000100100000000500170001000800410002702000150006804000250008308200160010810000370012424501630016126000460032430000210037050400300039170000580042195201140047999900170059300002051420200930011124.0100322s2004 cu 000 0 spa d a9592587981 aDO-SdBNPbspacBNPHU axxxxbR145p1 aRamirez Céspedes, Zulia94322910aPrincipios de redes para estudiantes de bibliotecología y ciencia de la información /cZuila Ramírez Céspedes, Antonio de Oca Sánchez de Bustamante. aLa Habana, Cuba :bFéliz Varela,c2004. a108 p. ;c24 cm. aBibliografía p: 107-1081 aMontes de Oca Sánchez de Bustamante, Antonio943230 001050718MOaGRbGRcCTd2017-10-04iLF1l0oxxxx R145pp20514-10r2020-06-25w2020-06-25y1ZNo se presta c20018d20018